| 000 | 00518nam a2200205Ia 4500 | ||
|---|---|---|---|
| 003 | OSt | ||
| 005 | 20230504112143.0 | ||
| 008 | 210423s2007 xx 000 0 und d | ||
| 020 | _a195692519 | ||
| 040 | _cAL | ||
| 041 | _aeng | ||
| 082 |
_a663.13 _223 _b MCNB |
||
| 100 |
_aMCNEIL (B);HARVEY (L M). _997573 |
||
| 245 | _aFermentation: a practical approach. | ||
| 260 |
_aNew Delhi _bOxford University Press _c2007 |
||
| 300 |
_axiii,226 _bPB |
||
| 365 |
_b995 _cINR |
||
| 906 | _aFermentation | ||
| 942 |
_2ddc _cBK |
||
| 999 |
_c163549 _d163549 |
||